Normal view
MARC view
Entry Personal Name
001 - CONTROL NUMBER
- control field: 1239750
003 - CONTROL NUMBER IDENTIFIER
- control field: OSt
005 - DATE AND TIME OF LATEST TRANSACTION
- control field: 20260514122622.0
008 - FIXED-LENGTH DATA ELEMENTS
- fixed length control field: 260514|| aca||aabn | a|a d
040 ## - CATALOGING SOURCE
- Original cataloging agency: OSt
- Transcribing agency: OSt
100 ## - HEADING--PERSONAL NAME
- Personal name: Chaitanya Dr.S Venkata
670 ## - SOURCE DATA FOUND
- Source citation: Work cat.: (OSt)1851549: Chaitanya Dr.S Venkata , Assessment of Complications of Endovascular Laser Ablation Therapy for Varicose Veins.
